| 000 | 00718cam a22002413a 4500 | ||
|---|---|---|---|
| 001 | 14992 | ||
| 003 | PGUSA | ||
| 005 | 20140828083323.0 | ||
| 008 | 050209s2005||||xxu|||||s|||||000 | eng d | ||
| 040 |
_aPGUSA _beng |
||
| 042 | _adc | ||
| 050 | 4 | _aDA | |
| 100 | 1 |
_aPaul, Herbert W. _q(Herbert Woodfield), _d1853-1935 |
|
| 245 | 1 | 4 |
_aThe Life of Froude _h[electronic resource] / _cHerbert W. Paul |
| 260 |
_bProject Gutenberg, _c2005 |
||
| 506 | _aPublic domain in the USA. | ||
| 516 | _aElectronic text | ||
| 653 | _aHistorians -- Great Britain -- Biography | ||
| 653 | _aFroude, James Anthony, 1818-1894 | ||
| 830 | 0 |
_aProject Gutenberg _v14992 |
|
| 856 | 4 | 0 | _uhttp://www.gutenberg.org/ebooks/14992 |
| 942 | _cEB | ||
| 999 |
_c244247 _d244247 |
||